000 00697nam a22002417i 4500
999 _c162613
_d162613
003 OSt
005 20190611094449.0
007 ta
008 180627s2016 cc a|||j |||| 00| 0 chi d
020 _a9787549242030
_cRM 18.50
_qpaperback
040 _aPPAK
_beng
_cPPAK
_erda
082 0 4 _223
_a495.186
090 0 0 _a495.186
_bQIN
_dK
245 _aQing ting :
_bshan dian fei xing yuan /
_cQi Yubian
264 _aWuhan :
_c2016
_bYangtze River Press,
300 _a60 pages :
_bcolour illustrations ;
_c23 cm
336 _2rdacontent
_atext
337 _2rdamedia
_aunmediated
338 _2rdacarrier
_avolume
650 _aChinese language, Readers
700 _aQi, Yu,
_eeditor
942 _2ddc
_cB